Leyes N§s 19.526 a 19.550
Saved in:
| Format: | Bog |
|---|---|
| Sprog: | spansk |
| Udgivet: |
Santiago
Jurídica de Chile
1998
|
| Fag: | |
| Tags: |
Tilføj Tag
Ingen Tags, Vær først til at tagge denne postø!
|
MARC
| LEADER | 00000nam a2200000 a 4500 | ||
|---|---|---|---|
| 001 | UCQ7677 | ||
| 003 | CL-VaPUC | ||
| 008 | 981113e19980000CL |||||||||||||||||spa|d | ||
| 082 | 0 | 4 | |a 348.022 |b LEY |2 21 |
| 245 | 1 | 0 | |a Leyes N§s 19.526 a 19.550 |
| 300 | |a 328 p | ||
| 942 | |c BK | ||
| 945 | |d 19981113 00:00:00 |a rbrito | ||
| 260 | |a Santiago |b Jurídica de Chile |c 1998 | ||
| 650 | 7 | |a DERECHO |2 CL-VaPUC |9 421393 | |
| 650 | 7 | |a LEGISLACION |2 CL-VaPUC |9 421394 | |
| 650 | 7 | |a DECRETO SUPREMO |2 CL-VaPUC |9 416515 | |
| 650 | 7 | |a DECRETO CON FUERZA DE LEY |2 CL-VaPUC |9 358086 | |
| 650 | 0 | |a Leyes |9 256670 | |
| 650 | 7 | |a REGLAMENTO |2 CL-VaPUC |9 368625 | |
| 650 | 0 | |a Código penal |9 255935 | |
| 650 | 7 | |a CODIGO DE PROCEDIMIENTO PENAL |2 CL-VaPUC |9 256474 | |
| 651 | 7 | |a CHILE |2 CL-VaPUC |9 421395 | |
| 583 | |a last modification |c 19981113 00:00:00 |k Rodrigo Vera | ||
| 999 | |c 277140 |d 277138 | ||